Normal view
MARC view
- Herbert Drury Harper BS MA
Entry Personal Name
001 - CONTROL NUMBER
- control field: 47140
003 - CONTROL NUMBER IDENTIFIER
- control field: NUST
005 - DATE AND TIME OF LATEST TRANSACTION
- control field: 20210314133727.0
008 - FIXED-LENGTH DATA ELEMENTS
- fixed length control field: 210314|| aca||aabn | a|a d
040 ## - CATALOGING SOURCE
- Original cataloging agency: NUST
- Transcribing agency: NUST
100 ## - HEADING--PERSONAL NAME
- Personal name: Herbert Drury Harper BS MA
670 ## - SOURCE DATA FOUND
- Source citation: Work cat.: (NUST): Herbert Drury Harper BS MA, Handbook of applied mathematics, 1936
